|
|
|
|
| LEADER |
00761nab a2200205 i 4500 |
| 001 |
acta8763 |
| 005 |
20240429120109.0 |
| 008 |
161015s2005 hu o 000 eng d |
| 022 |
|
|
|a 1586-0116
|
| 040 |
|
|
|a SZTE Egyetemi Kiadványok Repozitórium
|b hun
|
| 041 |
|
|
|a eng
|
| 245 |
0 |
0 |
|a Essays, reviews and critiques on the performances of Metanoia
|h [elektronikus dokumentum]
|
| 260 |
|
|
|a Pompeji Alapítvány
|b Szeged
|c 2005
|
| 300 |
|
|
|a 183-206
|
| 490 |
0 |
|
|a Fosszília
|
| 650 |
|
4 |
|a Bölcsészettudományok
|
| 650 |
|
4 |
|a Nyelvek és irodalom
|
| 650 |
|
4 |
|a Művészetek (művészetek, művészettörténet, előadóművészetek, zene)
|
| 695 |
|
|
|a Színjátszás - esszé
|
| 856 |
4 |
0 |
|u http://acta.bibl.u-szeged.hu/8763/1/fosszilia_2005_kulon_183-206.pdf
|z Dokumentum-elérés
|